[Event "Montigny le Bretonneux op 24th"]
[Site "Montigny le Bretonneux"]
[Date "2022.05.26"]
[Round "3"]
[White "Cogez, Celine"]
[Black "Baltzer, Jean Marc"]
[Result "1-0"]
[WhiteElo "1546"]
[BlackElo "1412"]
[PlyCount "63"]
[EventDate "2022.05.26"]
[EventType "swiss"]
[EventRounds "9"]
[EventCountry "FRA"]
[SourceTitle "CBM 208 Extra"]
[Source "ChessBase"]
[SourceDate "2022.07.31"]
[SourceVersion "1"]
[SourceVersionDate "2022.07.31"]
[SourceQuality "1"]

1. e4 Nf6 2. e5 Nd5 3. d4 d6 4. Nf3 Bg4 5. Nbd2 dxe5 6. dxe5 Nd7 7. Nc4 c6 8. Be2 b5 9. Ne3 Bxf3 10. Bxf3 e6 11. 0-0 Nxe5 12. Nxd5 Nxf3+ 13. Qxf3 cxd5 14. b3 Qc7 15. Qd3 a6 16. Bb2 Rc8 17. Rac1 Qf4 18. g3 Qh6 19. c4 bxc4 20. bxc4 Qg6 21. Qxg6 hxg6 22. cxd5 Rb8 23. Be5 Rb5 24. Rc8+ Kd7 25. Rfc1 exd5 26. R1c7+ Ke6 27. Re8+ Kf5 28. Rxf7+ Kg4 29. Kg2 Rh5 30. Rf4+ Kg5 31. Rexf8 Kh6 32. Rh8+ 1-0

[Event "Montigny le Bretonneux op 24th"]
[Site "Montigny le Bretonneux"]
[Date "2022.05.26"]
[Round "1"]
[White "Faris, Marouane"]
[Black "Baltzer, Jean Marc"]
[Result "1-0"]
[WhiteElo "1669"]
[BlackElo "1412"]
[PlyCount "82"]
[EventDate "2022.05.26"]
[EventType "swiss"]
[EventRounds "9"]
[EventCountry "FRA"]
[SourceTitle "CBM 208 Extra"]
[Source "ChessBase"]
[SourceDate "2022.07.31"]
[SourceVersion "1"]
[SourceVersionDate "2022.07.31"]
[SourceQuality "1"]

1. e4 Nf6 2. e5 Nd5 3. d4 d6 4. c4 Nb6 5. exd6 exd6 6. Nc3 Be7 7. Bd3 Nc6 8. Be3 Bf6 9. Be2 0-0 10. Nf3 Bg4 11. b3 d5 12. c5 Nc8 13. 0-0 N8e7 14. h3 Bxf3 15. Bxf3 Nb8 16. Bf4 c6 17. Qd3 Na6 18. a3 Nc7 19. b4 Ne6 20. Be3 g6 21. Bg4 Qd7 22. Rfe1 Rfe8 23. Bh6 Kh8 24. Ne2 Ng8 25. Bd2 h5 26. Bf3 Ne7 27. g4 h4 28. Bg2 Ng8 29. a4 Ng5 30. b5 Ne4 31. Bf4 g5 32. Bh2 Bg7 33. f3 Nef6 34. f4 Nxg4 35. hxg4 Qxg4 36. Qf3 Qxf3 37. Bxf3 f6 38. bxc6 bxc6 39. Rab1 Ne7 40. Bh5 Red8 41. Kg2 Kh7 1-0

[Event "Montigny le Bretonneux Noel op 19th"]
[Site "Montigny le Bretonneux"]
[Date "2018.12.27"]
[Round "2"]
[White "Baltzer, Jean Marc"]
[Black "Charalambides, Tom"]
[Result "1-0"]
[WhiteElo "1388"]
[BlackElo "1040"]
[PlyCount "45"]
[EventDate "2018.12.26"]
[EventType "swiss"]
[EventRounds "7"]
[EventCountry "FRA"]
[SourceTitle "CBM 188 Extra"]
[Source "ChessBase"]
[SourceDate "2019.02.28"]
[SourceVersion "1"]
[SourceVersionDate "2019.02.28"]
[SourceQuality "1"]

1. c4 e5 2. Nc3 Bb4 3. g3 b6 4. Bg2 Nc6 5. e4 Nf6 6. Nge2 Bb7 7. d3 Nd4 8. 0-0 0-0 9. Nxd4 exd4 10. Ne2 Re8 11. Nxd4 Re7 12. Bg5 Re5 13. f4 Re8 14. e5 Bc5 15. Bxb7 Rb8 16. Be4 Bxd4+ 17. Kh1 Qc8 18. exf6 Bxf6 19. Bxf6 gxf6 20. Qg4+ Kf8 21. Bxh7 Qb7+ 22. Kg1 Re7 23. Qg8# 1-0

[Event "Montigny le Bretonneux Noel op 18th"]
[Site "Montigny le Bretonneux"]
[Date "2017.12.28"]
[Round "3"]
[White "Artieres, Michel"]
[Black "Baltzer, Jean Marc"]
[Result "1-0"]
[WhiteElo "1763"]
[BlackElo "1356"]
[PlyCount "65"]
[EventDate "2017.12.26"]
[EventType "swiss"]
[EventRounds "7"]
[EventCountry "FRA"]
[SourceTitle "CBM 182 Extra"]
[Source "ChessBase"]
[SourceDate "2018.02.23"]
[SourceVersion "1"]
[SourceVersionDate "2018.02.23"]
[SourceQuality "1"]

1. e4 Nf6 2. e5 Nd5 3. d4 d6 4. c4 Nb6 5. exd6 cxd6 6. Bd3 Nc6 7. Be3 g6 8. a3 Bg7 9. Ne2 0-0 10. Nbc3 h6 11. 0-0 Bg4 12. f3 Bf5 13. Rc1 Rb8 14. b3 Na8 15. Bxf5 gxf5 16. d5 Ne5 17. Nb5 a6 18. Nbd4 Qd7 19. Ng3 e6 20. Nh5 Nc7 21. Bxh6 Ne8 22. Bxg7 Qe7 23. Bxf8 Qxf8 24. dxe6 fxe6 25. Nxe6 Qh6 26. Nef4 Rc8 27. Qd5+ Kf8 28. Ne6+ Kg8 29. Ng3 Qe3+ 30. Kh1 Nd3 31. Nf4+ Kf8 32. Qxf5+ Ke7 33. Nxd3 1-0

[Event "Montigny le Bretonneux Noel op 18th"]
[Site "Montigny le Bretonneux"]
[Date "2017.12.28"]
[Round "4"]
[White "Baltzer, Jean Marc"]
[Black "Ferreira Da Silva, Jose Candido"]
[Result "1-0"]
[WhiteElo "1356"]
[BlackElo "1390"]
[PlyCount "91"]
[EventDate "2017.12.26"]
[EventType "swiss"]
[EventRounds "7"]
[EventCountry "FRA"]
[SourceTitle "CBM 182 Extra"]
[Source "ChessBase"]
[SourceDate "2018.02.23"]
[SourceVersion "1"]
[SourceVersionDate "2018.02.23"]
[SourceQuality "1"]

1. c4 e5 2. Nc3 Nf6 3. e4 Bb4 4. d3 0-0 5. g3 d6 6. h3 Nc6 7. Bg2 Nd4 8. Nge2 c6 9. 0-0 Be6 10. Nxd4 exd4 11. Ne2 Bc5 12. f4 d5 13. f5 Bc8 14. cxd5 cxd5 15. e5 Nd7 16. Bf4 Re8 17. e6 fxe6 18. fxe6 Nf6 19. Bg5 Bxe6 20. Bxf6 gxf6 21. Qd2 Qe7 22. Rf2 Qg7 23. g4 Kh8 24. Qf4 Rf8 25. Raf1 Rf7 26. Kh1 Rd8 27. Rf3 b6 28. Nxd4 Bd6 29. Nxe6 Bxf4 30. Nxg7 Kxg7 31. Rxf4 d4 32. Be4 h6 33. Rc1 Rdd7 34. Bf5 Rd6 35. Rc4 Re7 36. Be4 b5 37. Rc6 Rxc6 38. Bxc6 Re1+ 39. Kg2 Re2+ 40. Rf2 Rxf2+ 41. Kxf2 b4 42. Be4 Kf7 43. Bd5+ Ke7 44. Kf3 Kd6 45. Ke4 Kc5 46. Bc4 1-0

[Event "Montigny Autumn-C 16th"]
[Site "Montigny le Bretonneux"]
[Date "2017.10.29"]
[Round "9"]
[White "Baltzer, Jean Marc"]
[Black "Branson, James"]
[Result "0-1"]
[WhiteElo "1377"]
[BlackElo "1525"]
[PlyCount "78"]
[EventDate "2017.10.21"]
[EventType "tourn"]
[EventRounds "9"]
[EventCountry "FRA"]
[SourceTitle "EXT 2019"]
[Source "ChessBase"]
[SourceDate "2018.10.10"]
[SourceVersion "1"]
[SourceVersionDate "2018.10.10"]
[SourceQuality "1"]

1. c4 Nf6 2. Nc3 e6 3. e4 Nc6 4. g3 Bc5 5. Bg2 0-0 6. h3 Re8 7. Nge2 e5 8. 0-0 d6 9. d3 Nd4 10. Kh2 c6 11. f4 g6 12. Nxd4 Bxd4 13. Ne2 Qb6 14. Rb1 exf4 15. gxf4 Nh5 16. b3 Be3 17. Bxe3 Qxe3 18. Rf3 Qb6 19. Qd2 f5 20. Rff1 Ng7 21. Bf3 Qd8 22. Kg3 Qf6 23. Rh1 Rf8 24. h4 fxe4 25. dxe4 Ne6 26. Rbg1 Bd7 27. Qxd6 Qf7 28. Qd2 Rae8 29. Qe3 b6 30. Rd1 Ng7 31. Rd6 Nf5+ 32. exf5 Rxe3 33. fxg6 hxg6 34. Kf2 Rfe8 35. Rg1 R8e6 36. Rd4 Qe7 37. Rd2 Qxh4+ 38. Rg3 Be8 39. f5 Rxf3+ 0-1